[Event "RUS-Cup10"]
[Site "Tomsk"]
[Date "1997.07.28"]
[Round "7"]
[White "Yakovich, Yuri"]
[Black "Ulybin, Mikhail"]
[Result "1/2-1/2"]
[WhiteElo "2610"]
[BlackElo "2535"]
[Annotator "Tisdall,J"]
[PlyCount "27"]
[EventDate "1997.07.21"]
[EventType "swiss"]
[EventRounds "9"]
[EventCountry "RUS"]
[SourceTitle "EXT 2000"]
[Source "ChessBase"]
[SourceDate "1999.11.16"]
[SourceVersion "1"]
[SourceVersionDate "1999.11.16"]
[SourceQuality "1"]

1. d4 e6 2. c4 Nf6 3. Nf3 Bb4+ 4. Nbd2 O-O 5. a3 Be7 6. e4 d5 7. Bd3 c5 8. dxc5
dxe4 9. Nxe4 Nxe4 10. Bxe4 Qxd1+ 11. Kxd1 Bxc5 12. b4 Be7 13. Kc2 $5 (13. Ke2
f5 14. Bc2 Bf6 15. Rb1 e5 16. Bb2 Re8 17. Rhe1 Nc6 18. Kf1 Be6 19. c5 e4 20.
Bxf6 gxf6 21. Nd2 Red8 22. Bb3 Kf7 23. Bxe6+ Kxe6 24. Nc4 Rd3 25. Nd6 Ne5 26.
Nxb7 Nc4 27. Rbc1 Nd2+ {Yakovich,Y-Makarov,M/Novgorod op 1995/EXP 49/1/2-1/2 
(39)}) 13... Nd7 14. Bb2 {A surprisingly early result if white had designs
about demonstrating the worth of an unveiled novelty. However it seems that
black can also mount counterplay against the king on c2 by the simple manoeuvre
} (14. Bb2 Nf6 15. Bd3 Bd7 $132) 1/2-1/2

[Event "London Agency"]
[Site "London"]
[Date "1998.06.18"]
[Round "4"]
[White "Bates, Richard"]
[Black "Burnett, Ronald"]
[Result "1-0"]
[WhiteElo "2430"]
[BlackElo "2400"]
[Annotator "Tisdall,J"]
[PlyCount "77"]
[EventDate "1998.06.15"]
[EventType "tourn"]
[EventRounds "9"]
[EventCountry "ENG"]
[EventCategory "9"]
[SourceTitle "CBM 066"]
[Source "ChessBase"]
[SourceDate "1998.09.30"]
[SourceVersion "1"]
[SourceVersionDate "1998.09.30"]
[SourceQuality "1"]

1. d4 {Hecht} Nf6 2. Nf3 e6 3. c4 Bb4+ 4. Bd2 Qe7 5. g3 Nc6 6. Bg2 Bxd2+ 7.
Nbxd2 d6 8. O-O O-O 9. e4 e5 10. d5 Nb8 11. Ne1 a5 12. Nd3 Na6 13. a3 Nc5 (
13... c6 {is a more popular choice, and has respectable results in recent
years.} 14. dxc6 (14. b4 cxd5 15. cxd5 axb4 16. axb4 Bd7 17. Qb3 Nc7 18. Nc4
Nb5 19. Qb2 Rxa1 20. Rxa1 Ne8 21. Na5 f5 22. Nxb7 fxe4 23. Bxe4 Nf6 24. f3 Nxe4
25. fxe4 Nd4 26. Na5 Bb5 27. Nc6 Qg5 28. Nf2 Ne2+ 29. Kg2 Qf6 30. Ng4 Qf3+ 31.
Kh3 Nf4+ 32. Kh4 Ng6+ 33. Kh3 Be2 {0-1 Kistella,R-Keitlinghaus,L/NRW-Cup
Masters op 1997/EXP 60}) 14... bxc6 15. Qa4 (15. b4 Bg4 16. Qe1 Rab8 17. Rb1
Qa7 18. h3 Be6 19. Qe2 Nd7 20. Kh2 f6 21. Rfc1 axb4 22. axb4 Rb6 23. Rb2 Rfb8
24. Rcb1 Nc7 25. Nc1 Na6 26. Nd3 Nc7 27. Nc1 Na6 {1/2-1/2 Ilincic,Z-Salov,V/
Belgrade 1996/CBM 52}) 15... Bg4 16. Rfe1 c5 17. Nf1 Bd7 18. Qc2 Bc6 19. Qc3
Qb7 20. f3 Rfb8 21. Ne3 g6 22. Rad1 Re8 23. Qc1 Qe7 24. Nf2 Nc7 25. f4 Ba4 26.
Rd3 Ne6 27. fxe5 dxe5 28. Nd5 Nxd5 29. exd5 Nd4 30. d6 Qxd6 31. Bxa8 Rxa8 32.
Ne4 Ne2+ 33. Rxe2 Qxd3 34. Nf6+ Kg7 35. Rf2 Rd8 36. Qg5 Qd1+ 37. Rf1 Qd4+ 38.
Rf2 e4 39. Nxe4 Bc6 40. Nxc5 Qd1+ 41. Rf1 Qd4+ 42. Rf2 Re8 43. Nd3 Re3 44. Qf4
Rxd3 45. Qxf7+ Kh6 46. Qf8+ Kh5 {0-1 Ermeni,A-Vehi Bach,V/Biel op MTO 1997/EXP
60}) 14. Nxc5 dxc5 15. f4 {[%csl Ge5] Strangely, I did not find this terribly
straightforward move in my database. Black has surprising problems since the
pressure on e5 renders it difficult to execute the necessary regrouping Ne8-d6.
This is essential since later the e5 square can be bolstered by ...f6 and ...
Nf7.} Ne8 $6 {The usual reaction, but here white is prepared to mount pressure
on e5 more quickly.} (15... Bd7 $5 {would save a tempo on the game.}) (15... a4
$5) 16. Qh5 Nf6 (16... f6 17. fxe5 Qxe5 18. Qxe5 fxe5 19. Rxf8+ Kxf8 20. Nf3
$18) 17. Qf3 {It is not so simple to prove an advantage by capturing on e5 -
white would prefer to gain control of this square (as the game will illustrate)
.} (17. Qxe5 Qxe5 18. fxe5 Ng4 19. Nf3 (19. b4 $5 {is an interesting way to
try and stake out some advantage while black regains the e-pawn, and may give
white a small advantage. It is not easy to see, since it ignores what appears
to be the central struggle here, the fight for e5.} axb4 (19... cxb4 20. axb4
a4 21. Ra3 $16) 20. axb4 Rxa1 21. Rxa1 cxb4 22. Nf3 Re8 23. c5 Nxe5 24. Nxe5
Rxe5 25. Rb1 $14) 19... Re8 20. e6 fxe6 21. Rae1 e5 $132) 17... Bd7 18. Qc3 a4
19. Rae1 (19. Qxe5 Qxe5 20. fxe5 Ng4 {should hold much less for white than it
did before.}) 19... Rae8 20. h3 $1 {Now black is running short of ways to
bolster the e5-square.} Nh5 (20... Bc8 $5 {looks best, when black's defences
are still holding. It is essential that black safeguard the bishop for
tactical reasons.}) 21. fxe5 Qxe5 22. Qxe5 Rxe5 23. g4 Nf6 24. Nf3 $1 {With
the seizure of the e5 square, white sweeps black off the board.} Rfe8 {A
further illustration of the influence the e5 square exercises in this
variation. Black's choices are grim in any case, and he feels that the only
way to put up further resistance is to maintain the e5-point as long as
possible.} (24... Re7 25. e5 Ne8 {[%csl Rd7,Re7,Re8,Rf8] is not a pretty sight.
}) (24... Rxe4 25. Rxe4 Nxe4 26. Ne5 Nf6 27. Rxf6 (27. g5 $2 Re8 28. Re1 Nh5)
27... gxf6 28. Nxd7 $18) 25. g5 Nh5 26. Nxe5 Rxe5 27. h4 $18 Ng3 28. Rf2 Bc8
29. Kh2 Nh5 30. Bh3 Bxh3 31. Kxh3 f6 32. Rf5 Kf7 33. Rxe5 Nf4+ 34. Kg3 fxe5 35.
Rf1 g6 36. Rxf4+ exf4+ 37. Kxf4 Ke8 38. e5 Kd7 39. Ke3 {[#] Hecht:
Momentaufnahme einer Gewinnstellung. Weiß gewinnt durch Öffnung am Damenflügel.
Man könnte freilich auch auf andere Gedanken kommen. Was geschieht, wenn Weiß
im Zentrum vorgeht? Ich denke, daß Weiß damit auch gewinnt, allerdings nur,
wenn er dies mit h5 vorbereitet. Letzteres ist die Erkenntnis aus der Variante
zu 39.e6+. Das Nehmen von h7 dauert zu lange; deshalb ist das Schwächen von g6
mittels 39.h5 der folgerichtige Vorlauf. Studieren Sie meine Analysen!} (39.
e6+ $6 {Hecht} Kd6 40. Ke4 c6 41. dxc6 $2 bxc6 42. e7 Kd7 $1 43. Kf4 Ke8 $1 44.
Ke4 Kd7 45. Kd3 Kxe7 46. b3 axb3 47. Kc3 Kd6 48. Kxb3 Kc7 49. Kc3 Kb6 50. Kd3
Ka5 51. Ke4 Ka4 52. Ke5 Kxa3 53. Kf6 Kb4 {[#]} 54. Kg7 Kxc4 55. Kxh7 Kd3 56. h5
c4 57. hxg6 c3 58. g7 c2 59. g8=Q c1=Q 60. Qd8+ $14) (39. h5 $5 {[%csl Rg6]
Hecht} Ke7 (39... gxh5 40. Kg3 c6 41. d6 b5 42. Kh4 $18) 40. hxg6 hxg6 41. e6
Kd6 42. Ke4 c6 43. dxc6 bxc6 44. e7 Kd7 45. Kd3 Kxe7 46. b3 axb3 47. Kc3 Kd7
48. Kxb3 Kc7 49. Kc3 Kb6 50. Kd3 Ka5 51. Ke4 Ka4 52. Ke5 Kxa3 53. Kf6 Kb4 {[#]}
54. Kxg6 Kxc4 55. Kf5 Kd3 56. g6 c4 57. g7 c3 58. g8=Q c2 59. Qb3+ Kd2 60. Qb4+
Kd1 61. Qd4+ Ke2 62. Qc3 Kd1 63. Qd3+ Kc1 64. Ke4 Kb2 65. Qd4+ Kb1 66. Qb4+ Ka2
67. Qc3 Kb1 68. Qb3+ $18) 1-0

[Event "Enghien les Bains 2nd"]
[Site "Enghien les Bains"]
[Date "1997.03.19"]
[Round "6"]
[White "Bacrot, Etienne"]
[Black "Chabanon, Jean Luc"]
[Result "1-0"]
[WhiteElo "2500"]
[BlackElo "2435"]
[Annotator "Tisdall,J"]
[PlyCount "91"]
[EventDate "1997.03.14"]
[EventType "tourn"]
[EventRounds "9"]
[EventCountry "FRA"]
[EventCategory "10"]
[SourceTitle "CBM 058"]
[Source "ChessBase"]
[SourceDate "1997.06.01"]
[SourceVersion "1"]
[SourceVersionDate "1997.06.01"]
[SourceQuality "1"]

1. d4 Nf6 2. Nf3 e6 3. c4 Bb4+ 4. Bd2 Qe7 5. g3 Nc6 6. Nc3 O-O 7. Bg2 Na5 8. b3
b6 9. O-O Bb7 10. Qc2 Rac8 11. Rfd1 $5 $146 {This rook has tended to go to e1
in this relatively rare variation, to support the advance e2-e4. Bacrot's move
looks much more logical, since the plan of annexing the bishop pair for white
makes the use of the d-file more important than preparing e4.} (11. Rfe1 c5 12.
dxc5 Bxc5 13. e4 Ng4 14. Nd1 Nc6 15. Bc3 d6 16. a3 Nge5 17. Qd2 Qf6 18. Ng5 h6
19. Nh3 Nd4 20. Bxd4 Bxd4 21. Ra2 a5 22. Nf4 Bc5 23. Nc3 Bc6 24. Nd3 Rfd8 25.
Qc2 Bd4 26. Ne2 Nxd3 {0-1 Delemarre,J-Rytshagov,M/Amsterdam Donner op 1995})
11... c5 12. a3 Bxc3 13. Bxc3 cxd4 {Black could base his counterplay on his
control of e4 and temporary pressure on the light-squares:} (13... Be4 $5 14.
Qb2 d5 15. dxc5 dxc4 $132) (13... d5 $6 14. dxc5 dxc4 15. Bxf6 $1 Qxf6 16. b4
Nb3 17. Rab1 Bxf3 18. exf3 Nd4 19. Qxc4 Nxf3+ 20. Kh1 $16) 14. Rxd4 {/\ Bb4.}
d6 15. Rad1 Rfd8 16. Bb4 Ne8 17. R4d2 Nc6 18. Bc3 e5 19. Bh3 Rb8 20. Nh4 {
[%csl Gd5,Ge3][%cal Gh4f5,Gh4g2,Gg2e3,Gf5e3] Heading to the ideal square on e3.
} g6 21. Ng2 Bc8 $1 {Now black gets some counterplay by removing white's
better bishop.} 22. Bxc8 Rdxc8 23. b4 $2 {Ne3 at once looks more methodical to
me, now black can try to use the slight weakening of c4.} Qe6 $5 (23... b5 $5
24. Ne3 Qe6 25. cxb5 (25. Qd3 $2 bxc4 26. Nxc4 e4 $1 27. Qd5 Qxd5 28. Rxd5 Ne7)
(25. Bb2 a5 $5 (25... Ne7 $5)) 25... Rxb5 (25... Nd4 26. Qd3 Nxb5 27. Bb2 {
and the Nb5 is misplaced.}) 26. Qd3 $14 {Black's plan in the game is more
logical, trying to target c4, rather than dissolving it.}) 24. Ne3 Ne7 $5 (
24... b5 $5) 25. Qd3 b5 $2 (25... Nf5 $5 {[%csl Rc4]} 26. Nd5 e4 27. Qc2 Rxc4 (
27... e3 $5 $36) 28. Qa4 Rbc8 $36) 26. cxb5 d5 27. Ba1 d4 {Black has driven
white's minor pieces back and siezed the center, which seems at first sight
good value for the offer of the b-pawn. However, the black pawn center is a
target for freeing pawn breaks that will increase the scope of the Ba1. In
other words, black has taken on too great an obligation in the center.} 28. Ng2
Nf6 {Black dreams of an attack with ...Qh3 and Ng4.} 29. f4 $1 Qh3 30. g4 $1 {
A very nice resource that allows Bacrot to clarify the position in his favour.}
(30. e4 Ng4 {[%csl Re3]}) 30... Qxg4 (30... Qxd3 $6 31. Rxd3 Nxg4 (31... Rxb5
32. fxe5 Nxg4 33. Rxd4 Rd5 (33... h5 34. Rd8+) (33... Nxe5 34. Rd8+ Rxd8 (34...
Kg7 35. Rxc8 Nxc8 36. a4) 35. Rxd8+ Kg7 36. Rb8 $1)) 32. h3 $1) 31. h3 $1 (31.
fxe5 Ne4 $132) 31... Qe6 32. fxe5 Nh5 33. Bxd4 Rd8 34. e4 Rd7 35. a4 a6 36.
bxa6 Rxb4 37. a7 Rxa4 38. Qb5 $1 Qc6 39. Qxc6 Nxc6 40. Bc5 $1 Rxd2 41. Rxd2 Kg7
(41... Nxa7 42. Rd8+ Kg7 43. Bf8+) 42. Rd7 Ng3 43. e6 Ne5 44. Ne1 (44. e7)
44... Ra1 45. Rxf7+ Kh6 (45... Nxf7 46. Bd4+) 46. e7 1-0

[Event "St Petersburg-ch"]
[Site "St Petersburg"]
[Date "1996.??.??"]
[Round "7"]
[White "Aseev, Konstantin N"]
[Black "Loginov, Valery A"]
[Result "0-1"]
[WhiteElo "2560"]
[BlackElo "2525"]
[Annotator "Tisdall,J"]
[PlyCount "72"]
[EventDate "1996.04.??"]
[EventType "tourn"]
[EventRounds "13"]
[EventCountry "RUS"]
[EventCategory "11"]
[SourceTitle "CBM 056"]
[Source "ChessBase"]
[SourceDate "1997.02.01"]
[SourceVersion "1"]
[SourceVersionDate "1997.02.01"]
[SourceQuality "1"]

1. d4 Nf6 2. c4 e6 3. Nf3 Bb4+ 4. Nbd2 b6 5. a3 Bxd2+ 6. Bxd2 Bb7 7. Bg5 d6 8.
e3 Nbd7 9. Qc2 h6 10. Bh4 Qe7 11. Rd1 O-O 12. d5 e5 13. Be2 a5 14. b3 Rfe8 15.
Nd2 c6 16. e4 cxd5 17. cxd5 Rec8 18. Qb1 Nf8 $6 19. Nc4 Ng6 $2 20. Bxf6 Qxf6
21. Nxb6 Nf4 22. Bf1 Ba6 23. h4 $5 (23. Nxa8 Rxa8 24. g3 $5) (23. Bxa6 Nxg2+
24. Ke2) 23... Be2 $5 24. Rd2 (24. Bxe2 Nxg2+ 25. Kf1 (25. Kd2 Qf4+ $1 26. Kd3
Qxf2 27. Nc4 (27. Nxc8 Rxc8) 27... Qd4+ 28. Kc2 Ne3+ 29. Kc1 Qc3+) 25... Ne3+
26. Ke1) 24... Qg6 25. Bxe2 Qxg2 26. Rf1 {Black does not have compensation for
the sacrificed material, though he does an inventive job of pretending.} g5 $1
27. hxg5 h5 28. Nxa8 Rxa8 29. Rc2 $18 Qh3 30. Qc1 Qxb3 31. Rc3 Qa4 32. Qc2 Qd7
33. Rh1 h4 34. Kf1 h3 35. Qd1 (35. Rc7 Qd8 36. Bg4 $18) 35... Rb8 36. Bg4 $4 (
36. Rc1 $18) 36... Qxg4 $1 (36... Qxg4 37. Ke1 (37. Qxg4 Rb1+) 37... Qg2 38.
Qf3 (38. Rf1 Qxe4+ 39. Kd2 Rb2+ 40. Rc2 Qxd5+ $19) (38. Kd2 Qxf2+ 39. Kc1 Qb2#)
38... Rb1+ 39. Kd2 Rxh1) 0-1

[Event "RUS-ch51"]
[Site "St Petersburg"]
[Date "1998.08.04"]
[Round "8"]
[White "Burmakin, Vladimir"]
[Black "Landa, Konstantin"]
[Result "1/2-1/2"]
[WhiteElo "2560"]
[BlackElo "2520"]
[Annotator "Tisdall,J"]
[PlyCount "75"]
[EventDate "1998.07.28"]
[EventType "swiss"]
[EventRounds "11"]
[EventCountry "RUS"]
[SourceTitle "CBM 067"]
[Source "ChessBase"]
[SourceDate "1998.11.30"]
[SourceVersion "2"]
[SourceVersionDate "1998.11.01"]
[SourceQuality "1"]

{[%mdl 48]} 1. d4 Nf6 2. c4 e6 3. Nf3 d5 4. g3 Bb4+ 5. Bd2 Be7 6. Bg2 O-O 7.
O-O c6 8. b3 Nbd7 9. Bc3 Ne4 10. Bb2 (10. Qc2 b6 11. Nbd2 Nxc3 12. Qxc3 c5 13.
Rad1 Bf6 14. e4 cxd4 15. Nxd4 e5 16. Nc6 d4 17. Qc2 Qc7 18. Nb4 Nc5 19. Nd5 Qd6
20. b4 Na6 21. c5 bxc5 22. Nc4 Qd8 23. bxc5 Bg4 24. f3 Be6 25. Nxf6+ Qxf6 26.
f4 Nb4 27. Qb3 Rab8 {0-1 Shantharam,K-Mishra,N/IND-ch 1988/EXT 88ch (39)})
10... b5 $5 (10... f5 11. Nbd2 Qe8 12. e3 Qh5 13. Nxe4 fxe4 14. Nd2 Qxd1 15.
Raxd1 a5 $1 $10 16. a3 Nf6 $5 17. f3 exf3 18. Bxf3 b5 $1 19. cxb5 cxb5 20. Rc1
$2 b4 21. a4 Ba6 22. Rfe1 Rac8 $17 {0-1 Hertneck,G-Jussupow,A/BL9596 1996/BL
90/[Jussupow] (42)}) 11. c5 a5 12. Ne1 f5 13. Nd3 Bf6 14. f3 Ng5 15. Nd2 b4 16.
Qc2 Ba6 17. Rfc1 Qc7 18. a3 e5 19. axb4 exd4 (19... axb4 20. Nxb4 Bxe2 21. Rxa8
Rxa8 22. f4 $5 (22. Re1 $5 Bb5) 22... exf4 23. Nxd5 cxd5 (23... Nh3+ 24. Bxh3
cxd5 25. Qxf5 $18) 24. Bxd5+ Kf8 25. Bxa8 $18 {[%csl Rf5]}) 20. Rxa5 (20. bxa5
$5 Bxd3 21. Qxd3 Rxa5 (21... f4 $5) 22. Rxa5 Qxa5 {-> game}) 20... Bxd3 21.
Qxd3 Rxa5 22. bxa5 Qxa5 (22... f4 $5 {gives black very dangerous counterplay:}
23. Nf1 $1 (23. gxf4 Ne6 $40 (23... Qxf4 24. Nf1)) (23. Bxd4 fxg3 $36) 23...
Qxa5 24. Bxd4 Bxd4+ 25. Qxd4 Ne6 26. Qd2 $1 Qxd2 27. Nxd2 Nd4 (27... Ra8 $5
$132) 28. Kf2 Re8 29. Bf1 g5 $44) 23. Bxd4 Bxd4+ 24. Qxd4 Ne6 25. Qc3 Qb5 26.
Bf1 Rb8 {Preventing a later b4 in order to capture on c5 without losing
control of the c5 square.} 27. e4 Qxc5+ 28. Qxc5 Nexc5 29. exf5 Nxb3 30. Nxb3
Rxb3 31. Rxc6 Ne5 (31... Rxf3 32. Rc8+ Nf8 (32... Kf7 $4 33. Rc7 $18) 33. g4
Rf4 34. h3 g6 $11) 32. Rc8+ Kf7 33. f4 Ng4 (33... Nf3+ 34. Kf2 Nxh2 35. Be2 Rb2
$11) 34. Rc1 Ne3 35. Kf2 (35. Bh3 d4 $132 (35... Rb2 36. Rc7+ $36)) 35... Ng4+
36. Kg1 Ne3 37. Kf2 Ng4+ 38. Kg1 1/2-1/2

[Event "EU-Cup 13th Group7"]
[Site "Krynica"]
[Date "1997.09.16"]
[Round "2"]
[White "Yermolinsky, Alex"]
[Black "Savon, Vladimir A"]
[Result "1-0"]
[WhiteElo "2650"]
[BlackElo "2465"]
[Annotator "Tisdall,J"]
[PlyCount "41"]
[EventDate "1997.09.15"]
[EventType "team-k.o."]
[EventRounds "3"]
[EventCountry "POL"]
[SourceTitle "EXT 2020"]
[Source "ChessBase"]
[SourceDate "2019.10.17"]
[SourceVersion "1"]
[SourceVersionDate "2019.10.17"]
[SourceQuality "1"]
[WhiteTeam "Petah-Tikva Elitzur"]
[BlackTeam "Kharkiv Law Academy"]
[WhiteTeamCountry "ISR"]
[BlackTeamCountry "UKR"]

1. d4 Nf6 2. c4 e6 3. Nf3 Bb4+ 4. Nbd2 d6 5. g3 c5 6. Bg2 Nc6 7. dxc5 dxc5 8.
O-O e5 (8... O-O 9. a3 $2 Bxd2 10. Bxd2 Qc7 11. Bg5 Nd7 12. e4 Nde5 13. Bf4
Nxf3+ 14. Bxf3 e5 15. Be3 Nd4 16. Bg4 Bxg4 17. Qxg4 Qb6 {1/2-1/2 Enneper,
E-Grossmann,H/RLNS 1991/BIG 90}) 9. Nb3 $1 {Posing black some rather direct
questions about the constellation on b4 and c5.} Qxd1 10. Rxd1 Be6 {The
critical continuation, forcing white to offer a pawn to maintain the
initiative.} 11. Be3 Bxc4 12. Nxc5 Bxe2 13. Rdc1 Bxc5 14. Bxc5 Nd7 15. Ba3 $44
f5 $2 (15... Rc8 16. Ng5 Bd3 (16... Bd3 17. Be4 $5 (17. Rc3 Bg6 18. Ne4 Bxe4
19. Bxe4 $44) 17... f6 (17... h6 18. Nxf7 $1) 18. Bxd3 fxg5 19. Rc3 $36)) (
15... Bxf3 16. Bxf3 Rc8 (16... Nd4 17. Bxb7 Rb8 18. Ba6 $16) 17. Rc3 f5 18. Bd5
$36) (15... f6 16. Nd2 $1 $36) 16. Nh4 g6 (16... Nd4 17. Bxb7 Rb8 18. Bc6 (18.
Bd6 Rxb7 19. Rc8+ Kf7 20. Rxh8 Rxb2 $132) 18... Nxc6 19. Rxc6 $16 (19. Nxf5 $2
Nd4 20. Nd6+ Ke7)) 17. Bxc6 bxc6 18. Rxc6 Kf7 19. Rc7 Bb5 (19... Ke6 20. Rac1
Bb5 21. Rd1 Rhd8 22. Nf3 $1 $18) 20. Rd1 Rhd8 21. Nf3 $1 (21. Nf3 Kg8 22. Be7
Be2 23. Rd2 $18) 1-0

[Event "RUS-chT 05th"]
[Site "Maikop"]
[Date "1998.06.09"]
[Round "7"]
[White "Solozhenkin, Evgeniy"]
[Black "Khasin, Alexander"]
[Result "0-1"]
[WhiteElo "2500"]
[BlackElo "2495"]
[Annotator "Tisdall,J"]
[PlyCount "56"]
[EventDate "1998.06.03"]
[EventType "team-tourn"]
[EventRounds "11"]
[EventCountry "RUS"]
[SourceTitle "CBM 066"]
[Source "ChessBase"]
[SourceDate "1998.09.30"]
[SourceVersion "1"]
[SourceVersionDate "1998.09.30"]
[SourceQuality "1"]
[WhiteTeam "Sankt Petersburg"]
[BlackTeam "Noyabrsk Yamal"]
[WhiteTeamCountry "RUS"]
[BlackTeamCountry "RUS"]

1. d4 Nf6 2. c4 e6 3. Nf3 Bb4+ 4. Nbd2 O-O 5. a3 Be7 6. e4 d5 7. Qc2 ({The
more I annotate games in this opening section, the more I am convinced that
the best move here is undoubtedly} 7. e5) 7... dxe4 8. Nxe4 Nc6 9. Be3 Ng4 $5
$146 {I cannot find this move, but then again, my database needs some tidying
up. Black intends to strike chaos in white's ranks with the advance of his
f-pawn. This poses white some rather annoying problems at a surprisingly early
stage of the game.} 10. Bd2 $2 {Rather submissive. White tosses a pawn
overboard for no obvious compensation.} (10. Bd3 $5 f5 11. Nc3 f4 $5 (11... Bf6
12. O-O-O Bxd4 13. Bxf5 Nxe3 (13... exf5 14. Bxd4 Nxd4 15. Rxd4 Qf6 16. Nd5
Qh6+ 17. Kb1 $36) 14. Bxh7+ Kh8 15. fxe3 Bxe3+ 16. Kb1 Qf6 17. Rhf1 $16) (11...
Nxe3 12. fxe3 e5 (12... Bf6 $5) (12... Bh4+ $5) 13. dxe5 Bc5 14. Nd5) 12. Bxh7+
Kh8 13. Bd2 (13. Bc1 Nxd4) 13... Nxd4 14. Qd3 (14. Qe4 $2 Nxf2 $1 15. Kxf2 Nxf3
$19) (14. Nxd4 Qxd4 $36) 14... e5 $13) (10. O-O-O f5 $36) 10... f5 11. Ng3 Nxd4
12. Nxd4 Qxd4 13. Bc3 Qb6 14. h3 Ne3 $1 15. fxe3 (15. Qe2 {was disgusting but
better.}) 15... Qxe3+ 16. Ne2 Bh4+ 17. g3 $8 (17. Kd1 Rd8+ 18. Bd2 Bg5) 17...
Bxg3+ 18. Kd1 Rd8+ 19. Bd2 Qf3 $19 20. Qc3 (20. Rg1 Bf4) 20... Rd3 21. Bg2 Rxc3
(21... Qxg2 $5 22. Qxd3 Qxh1+ 23. Kc2 Qxa1 24. Qd8+ Kf7 25. Nxg3 {gives white
real counterplay.}) 22. Bxf3 Rxf3 23. Nxg3 Rxg3 24. Kc2 (24. Bf4 Rg2) 24... Bd7
25. Bf4 Ba4+ 26. Kd2 Rd8+ 27. Ke2 Rg2+ 28. Ke3 e5 (28... e5 29. Bxe5 Re8 30.
Kf4 g5+ 31. Kxf5 Bd7+) 0-1

[Event "RUS-chT 05th"]
[Site "Maikop"]
[Date "1998.06.12"]
[Round "10"]
[White "Khalifman, Alexander"]
[Black "Lopushnoy, Denis"]
[Result "1-0"]
[WhiteElo "2660"]
[BlackElo "2390"]
[Annotator "Tisdall,J"]
[PlyCount "43"]
[EventDate "1998.06.03"]
[EventType "team-tourn"]
[EventRounds "11"]
[EventCountry "RUS"]
[SourceTitle "CBM 066"]
[Source "ChessBase"]
[SourceDate "1998.09.30"]
[SourceVersion "1"]
[SourceVersionDate "1998.09.30"]
[SourceQuality "1"]
[WhiteTeam "Sankt Petersburg"]
[BlackTeam "Novokuznetsk"]
[WhiteTeamCountry "RUS"]
[BlackTeamCountry "RUS"]

1. d4 {Dautov} Nf6 2. Nf3 e6 3. c4 Bb4+ 4. Nbd2 O-O 5. a3 Be7 6. e4 d5 7. e5
Nfd7 8. b4 a5 (8... b6 {Dautov} 9. Qb3 Re8 10. Bb2 Nf8 11. Rc1 (11. cxd5 exd5
12. Rc1 $14) 11... Bb7 12. c5 c6 13. Bd3 $14 {Khalifman,A-Aleksandrov,A/Elista
1998}) 9. b5 c5 10. Bb2 a4 $6 (10... cxd4 11. cxd5 (11. Bxd4 $5) 11... exd5 12.
Be2 a4 13. Bxd4 (13. O-O $5 $14 {Dautov}) 13... Nc5 14. O-O Bg4 15. Bb2 Nbd7
16. Nd4 Bxe2 17. Qxe2 Nxe5 $1 18. Nf5 f6 19. Nf3 Ng6 $6 20. Rad1 Qd7 21. N3h4
Rfe8 22. Qg4 Kf7 23. Qh5 Bf8 24. Rxd5 $4 Qxd5 {0-1 Schlosser,P-Wahls,M/GER
1997/BL9697 (24)}) (10... b6 $2 {><c6} 11. cxd5 exd5 12. Bd3 Re8 13. O-O Nf8
14. Ne1 $1 $16 {1/2-1/2 Lputian,S-Jussupow,A/Baden Baden 1996/CBM 55/[Jussupow]
(71) /\f4}) (10... Re8 $142 {/\Nf8-Nbd7}) 11. Qc2 $1 {[%csl Rc5][%cal Gc1c8]
This hinders black's main method of freeing his position, ...cxd4 and ...Nc5.}
Qb6 (11... cxd4 12. cxd5 exd5 13. Bxd4) (11... Re8 $142 $14 {Dautov}) 12. Bd3
h6 13. O-O cxd4 (13... Re8 {Dautov} 14. Rac1 cxd4 15. Bxd4 Bc5 (15... Qa5 16.
c5 $16) 16. Bxc5 Qxc5 17. cxd5 Qxc2 (17... Qxd5 18. Nc4 $16) 18. Rxc2 exd5 19.
Rfc1 Nb6 20. Nd4 $16) 14. cxd5 exd5 15. Bxd4 Bc5 (15... Nc5 $5 {is the move
black would like to play. But can he? It seems so.} 16. Rac1 Nbd7 17. e6 $5
Qxe6 $5 (17... fxe6 18. Bh7+ Kh8 19. Bxg7+ Kxg7 20. Qg6+ Kh8 21. Qxh6 (21. Bg8
Nf6 22. Bf7 Nh7) 21... Rf7 $1 22. Bg6+ Kg8 23. Bxf7+ Kxf7 24. Qh5+ $40 {
White's attack continues with Rc3/Ng5}) 18. Rfe1 Qd6 19. Rxe7 Qxe7 20. Bxc5
Nxc5 21. Qxc5 $16 Qxc5 22. Rxc5 Be6 $14) 16. Bb2 Qa7 $2 {There were several
better ways to cower;} (16... Be7 $5) (16... Qd8) (16... Re8 {Dautov} 17. Rac1
Be7 18. Bd4 (18. e6 Qxe6 19. Nd4 Qb6 (19... Qg4 20. Nf5 Bf8 21. Nxh6+ gxh6 22.
Bh7#) 20. Rfe1 $16 {/\Rxe7}) 18... Qd8 (18... Qa5 19. e6 fxe6 20. Bh7+ Kh8 21.
Bxg7+ Kxg7 22. Qg6+ $18) 19. e6 $1 fxe6 20. Bg6 $1 Rf8 21. Bh7+ Kh8 22. Bxg7+
Kxg7 23. Qg6+ Kh8 24. Qxh6 Nf6 (24... Rf7 25. Bf5+ Kg8 26. Bxe6 $18) 25. Bd3+
Kg8 26. Ng5 Rf7 27. Nxf7 Kxf7 28. Nf3 $18) 17. Rae1 {The relative state of
development indicates a looming disaster for black.} Be7 {Hammer time. [#]} (
17... Re8 18. e6 Rxe6 19. Bh7+ Kh8 20. Rxe6 fxe6 21. Bxg7+ Kxg7 22. Qg6+ Kf8
23. Qxe6 $18) 18. e6 $1 fxe6 19. Bh7+ Kh8 20. Bxg7+ $1 Kxg7 21. Qg6+ Kh8 22.
Qxh6 (22. Qxh6 Nf6 (22... Rf7 23. Bg6+ Kg8 24. Bxf7+ Kxf7 25. Qxe6+) 23. Bd3+ (
23. Bc2+ {Dautov} Kg8 24. Re5 $18) 23... Kg8 24. Re5) 1-0